Дело об учреждении 4-х вакансий для казенных воспитанников в 1-й Казанской гимназии и Казанском университете из детей чиновников...

Доступно только в Электронных читальных залах Найти на картеНа карте
RUSMARC
00004327nmc2a2200000 x 450
001b8b637c2-1a2f-48de-95f7-c078878e4e1d
00520151215162445.0
100##$a20150821l18581858k l0rusy0189 ca
1010#$arus
102##$aRU
2001#$aДело об учреждении 4-х вакансий для казенных воспитанников в 1-й Казанской гимназии и Казанском университете из детей чиновников Уральского казачьего войска за счет последнего
$j21-31 марта 1858 г.
251##$cДело
300##$aОриг. заголовок дела: Дело по высочайшему повелению, объявленному военным министром, о содержании в 1-й Казанской гимназии и тамошнем университете по четыре воспитанника из детей чиновников Уральского войска для приготовления их в медики, с отнесением издержек на их содержание на счет войсковых сумм. 29 марта 1858 г. - 31 марта 1858 г
801#0$aRU
$bРГИА
$c20150821
$gRCR
801#1$aRU
$bГлавНИВЦ
$c20150821
$2rusmarc
801#2$aRU
$bПБ им. Б.Н. Ельцина
$c20151215
$gRCR
$2rusmarc
850##$aРГИА
852##$aРГИА
$eФедеральное казенное учреждение "Российский государственный исторический архив" (РГИА)
$j635
937##$hРГИА
$d12091118
$aASBIBLIO_SCAN
462#0$100110dcdccd-ec79-4ee8-a204-b9d031b41c04
$12001
$aМедицинские дела Департамента народного просвещения
$1251
$cОпись
$1852
$j99
461#0$1001a74412a3-3cc5-4d21-8f0a-dfe2fbd9e72d
$12001
$aДепартамент народного просвещения Министерства народного просвещения
$1251
$cФонд
$1852
$j733
215##$a5 л.
$d36,5х26 см
371##$aДокумент не является опубликованным и широко распространяемым
105##$ay###
1222#$ad
5171#$aДело по высочайшему повелению, объявленному военным министром, о содержании в 1-й Казанской гимназии и тамошнем университете по четыре воспитанника из детей чиновников Уральского войска для приготовления их в медики, с отнесением издержек на их содержание на счет войсковых сумм. 29 марта 1858 г. - 31 марта 1858 г
035##$ab8b637c2-1a2f-48de-95f7-c078878e4e1d
Формат отображения